000 02965nab a2200313 i 4500
003 BR-BrBNA
005 20240513140559.0
008 240513b2022 bl.ar|pooa||| 00| 0 eng |
040 _aBR-BrBNA
_beng
072 _aF60
_b1190
072 _aF61
100 _aDonato, Sérgio Luiz Rodrigues
100 _aPires, Ednei de Souza
100 _aArantes, Alessandro de Magalhães
100 _aBarros, Beatriz Lima
245 _aPhotosynthetic response of umbu trees to vapor pressure deficit
500 _aPublicação on-line; 12 ref.; 2 tables; Summaries (En, Pt)
520 _a Abstract – The objective of this work was to evaluate the photosynthetic response to vapor pressure deficit (VPD) in umbu (Spondias tuberosa) tree accessions. The experiment was carried out in a completely randomized design in a 5×7×2 factorial arrangement (five umbu accessions – BRS-68, EPAMIG-05, BGU-61, BGU-75, and BGU-50 –, seven evaluation times, and two reading times – at 8 a.m. and 2 p.m.) in split-split plots in time. Leaf temperature increased with air temperature. The variation of stomatal conductance and transpiration with the VPD was not significant. Net photosynthesis rate, carboxylation efficiency, and instantaneous water-use efficiency decreased with increasing VPD in all accessions, except in BRS-68, whose rates remained positive. Index terms: Spondias tuberosa, carboxylation efficiency, correlation, ecophysiology, giant umbu.
520 _a Resumo – O objetivo deste trabalho foi avaliar a resposta fotossintética ao deficit de pressão de vapor (DPV) em acessos de umbuzeiro (Spondias tuberosa). O experimento foi conduzido em delineamento experimental inteiramente casualizado, em arranjo fatorial 5×7×2 (cinco acessos de umbuzeiro – BRS-68, EPAMIG-05, BGU-61, BGU-75 e BGU-50 –, sete épocas de avaliação e dois momentos de leitura – às 8h e às 14h), em parcelas subsubdivididas no tempo. A temperatura foliar aumentou com a temperatura do ar. A variação da condutância estomática e da transpiração com o DPV não foi significativa. A fotossíntese líquida, a eficiência de carboxilação e a eficiência instantânea do uso da água decresceram com o aumento do DPV em todos os acessos, exceto no BRS-68, cujas taxas se mantiveram positivas. Termos para indexação: Spondias tuberosa, eficiência de carboxilação, correlação, ecofisiologia, umbu-gigante.
650 _aUMBU
650 _aFRUTA TROPICAL
650 _aFISIOLOGIA VEGETAL
650 _aTROCA GASOSA
650 _aFOTOSSÍNTESE
773 0 _0920
_925802
_dBrasília-DF Empresa Brasileira de Pesquisa Agropecuária - EMBRAPA 1966-
_o2023-436358
_tPesquisa Agropecuária Brasileira (Brazil)
_x0100-204X
_gv. 57 p. 1-4; (2022)
_wBR2024000664
856 _uhttps://www.scielo.br/j/pab/a/Y7TL99BJvgL4j6HS376ytDL/?format=pdf&lang=en
942 _cAnalítica
999 _c299562
_d299562